[Event "4NCL Division Four"]
[Site "Warwick, ENG"]
[Date "2023.05.01"]
[Round "11.81"]
[White "Wasilak, Piotr"]
[Black "Kothari, Jai"]
[Result "1/2-1/2"]
[WhiteElo "1951"]
[BlackElo "1982"]
[PlyCount "85"]
[EventDate "2023.05.01"]
[WhiteTeam "Iceni 2"]
[BlackTeam "Guildford Young Guns"]

1. e4 e5 2. Nf3 Nc6 3. Bc4 Nf6 4. d3 Be7 5. Nc3 d6 6. h3 Be6 7. Bb3 h6 8. Be3 d5 9. exd5 Nxd5 10. Nxd5 Bxd5 11. Bxd5 Qxd5 12. a3 O-O-O 13. O-O f5 14. Bd2 e4 15. Ne1 g5 16. Bc3 Rhg8 17. Qh5 exd3 18. Nxd3 g4 19. h4 Kb8 20. Rfe1 g3 21. f3 Qc4 22. Qxh6 Nd4 23. Qf4 Bc5 24. Kh1 Bb6 25. Re5 Qf7 26. Rae1 Rh8 27. Qxg3 Nxc2 28. Re7 Qh5 29. Bxh8 Rxh8 30. Nf4 Qxh4+ 31. Nh3 a6 32. Re8+ Ka7 33. Qxh4 Rxh4 34. Rc1 Ne3 35. Rf8 Rd4 36. Rg8 Rd2 37. b3 Rb2 38. Rc3 Rb1+ 39. Kh2 Nf1+ 40. Kh1 Ne3+ 41. Kh2 Nf1+ 42. Kh1 Ne3+ 43. Kh2 1/2-1/2

[Event "4NCL Division Four"]
[Site "Warwick, ENG"]
[Date "2023.05.01"]
[Round "11.82"]
[White "Sachdeva, Ronit"]
[Black "Rosenbach, Martin"]
[Result "1-0"]
[WhiteElo "1890"]
[BlackElo "1888"]
[PlyCount "53"]
[EventDate "2023.05.01"]
[WhiteTeam "Guildford Young Guns"]
[BlackTeam "Iceni 2"]

1. Nf3 c5 2. b3 Nc6 3. Bb2 d5 4. e3 Nf6 5. d4 Bg4 6. Be2 cxd4 7. exd4 e6 8. O-O Bd6 9. Nbd2 O-O 10. Ne5 Bxe2 11. Qxe2 Rc8 12. f4 Qb6 13. c3 Nxd4 14. cxd4 Rc2 15. Qd3 Rxb2 16. Ndc4 dxc4 17. Nxc4 Rxg2+ 18. Kxg2 Qc6+ 19. Qf3 Qxf3+ 20. Rxf3 Bc7 21. f5 exf5 22. Rxf5 Re8 23. d5 Re2+ 24. Kf3 Rxh2 25. d6 Bd8 26. Re1 g6 27. Rc5 1-0

[Event "4NCL Division Four"]
[Site "Warwick, ENG"]
[Date "2023.05.01"]
[Round "11.83"]
[White "Gaffney, Samuel"]
[Black "Sefton, Adam"]
[Result "0-1"]
[WhiteElo "1875"]
[BlackElo "1785"]
[PlyCount "58"]
[EventDate "2023.05.01"]
[WhiteTeam "Iceni 2"]
[BlackTeam "Guildford Young Guns"]

1. d4 Nf6 2. Nf3 e6 3. c4 c5 4. d5 exd5 5. cxd5 b5 6. Bg5 Qa5+ 7. Nc3 Ne4 8. Bd2 Nxd2 9. Qxd2 d6 10. e4 a6 11. Be2 g6 12. O-O Bg7 13. Qf4 Qc7 14. Rab1 O-O 15. Nd1 Nd7 16. Qd2 Re8 17. Bd3 c4 18. Bc2 Nc5 19. Re1 a5 20. Nd4 b4 21. f3 Nd3 22. Nc6 Nxe1 23. Qxe1 b3 24. axb3 Bd7 25. bxc4 Bxc6 26. dxc6 Qxc6 27. Bd3 Bd4+ 28. Kh1 a4 29. Nc3 a3 0-1

[Event "4NCL Division Four"]
[Site "Warwick, ENG"]
[Date "2023.05.01"]
[Round "11.84"]
[White "Welling, Zac"]
[Black "Lewis, Stephen"]
[Result "1/2-1/2"]
[WhiteElo "1665"]
[BlackElo "1928"]
[PlyCount "29"]
[EventDate "2023.05.01"]
[WhiteTeam "Guildford Young Guns"]
[BlackTeam "Iceni 2"]

1. e4 c5 2. Nc3 Nc6 3. Bb5 a6 4. Bxc6 bxc6 5. f4 d5 6. d3 e6 7. Nf3 g6 8. O-O Nf6 9. Qe1 Be7 10. b3 O-O 11. Na4 Qc7 12. Ne5 c4 13. Bb2 Bb7 14. b4 a5 15. a3 1/2-1/2

[Event "4NCL Division Four"]
[Site "Warwick, ENG"]
[Date "2023.05.01"]
[Round "11.85"]
[White "Lovell, Steve"]
[Black "Twisk, Sebastian"]
[Result "1/2-1/2"]
[WhiteElo "1849"]
[BlackElo "1608"]
[PlyCount "44"]
[EventDate "2023.05.01"]
[WhiteTeam "Iceni 2"]
[BlackTeam "Guildford Young Guns"]

1. e4 c6 2. d4 d5 3. f3 Qb6 4. Nc3 dxe4 5. fxe4 e5 6. Nf3 exd4 7. Nxd4 h5 8. Nb3 a5 9. Qd4 Qxd4 10. Nxd4 Bc5 11. Be3 Nf6 12. h3 Bb4 13. Bd3 Na6 14. O-O Nc5 15. Nde2 Nxd3 16. cxd3 Be6 17. Nf4 a4 18. Nxe6 fxe6 19. Ne2 O-O-O 20. e5 Nd5 21. Bg5 Rdf8 22. Rac1 a3 1/2-1/2

[Event "4NCL Division Four"]
[Site "Warwick, ENG"]
[Date "2023.05.01"]
[Round "11.86"]
[White "Butcher, Nathaniel"]
[Black "Feavyour, John A"]
[Result "0-1"]
[WhiteElo "1510"]
[BlackElo "1834"]
[PlyCount "62"]
[EventDate "2023.05.01"]
[WhiteTeam "Guildford Young Guns"]
[BlackTeam "Iceni 2"]

1. c4 c6 2. e4 e6 3. Nc3 d5 4. d4 Be7 5. Nf3 dxc4 6. Bxc4 Nf6 7. O-O O-O 8. e5 Nd5 9. a3 Nd7 10. Bd3 f5 11. Bd2 N7b6 12. b4 Nxc3 13. Bxc3 Nd5 14. Bd2 Bd7 15. g3 g5 16. h3 h6 17. Kg2 Kg7 18. Qe2 Be8 19. g4 Bg6 20. Rh1 Qe8 21. Bc4 Rd8 22. Qe1 Qf7 23. Nh2 fxg4 24. hxg4 Nf4+ 25. Bxf4 Qxf4 26. f3 Rxd4 27. Bxe6 Rd2+ 28. Kg1 Qd4+ 29. Kf1 Bd3+ 30. Qe2 Rxe2 31. Rg1 Qf2# 0-1

[Event "4NCL Division Four"]
[Site "Warwick, ENG"]
[Date "2023.05.01"]
[Round "11.91"]
[White "Ashton, Alannah"]
[Black "Samarakoon, Vivash"]
[Result "0-1"]
[WhiteElo "1396"]
[BlackElo "2063"]
[PlyCount "90"]
[EventDate "2023.05.01"]
[WhiteTeam "She Plays to Win Young Stars"]
[BlackTeam "Anglian Avengers 2"]

1. e4 g6 2. d4 Bg7 3. Nc3 e6 4. Be3 a6 5. d5 d6 6. h4 h5 7. Nf3 e5 8. Be2 Nh6 9. Ng5 Nd7 10. f3 Nf8 11. Nb1 f6 12. Nh3 Bxh3 13. Rxh3 Qd7 14. g4 f5 15. gxf5 gxf5 16. f4 exf4 17. Bxh5+ Kd8 18. Bxf4 Bxb2 19. Bg5+ Kc8 20. Nd2 Bxa1 21. Qxa1 Rh7 22. Qf6 Nf7 23. Bg6 Nxg6 24. Qxg6 Nxg5 25. Qxg5 Kb8 26. exf5 Ka7 27. Qg1+ b6 28. Qf2 Rf8 29. Rf3 Qe7+ 30. Qe2 Qxh4+ 31. Qf2 Qxf2+ 32. Rxf2 Rhf7 33. c4 Rxf5 34. Re2 b5 35. Re7 Kb8 36. Re4 bxc4 37. Rd4 Rf4 38. Rxc4 Rxc4 39. Nxc4 Rf4 40. Na5 Ra4 41. Nc6+ Kb7 42. Kd2 Rxa2+ 43. Kc3 Rh2 44. Kc4 Rh4+ 45. Kb3 Kb6 0-1

[Event "4NCL Division Four"]
[Site "Warwick, ENG"]
[Date "2023.05.01"]
[Round "11.92"]
[White "Llewellyn, Alan M"]
[Black "Mehta, Sophie"]
[Result "1/2-1/2"]
[WhiteElo "1627"]
[BlackElo "1391"]
[PlyCount "44"]
[EventDate "2023.05.01"]
[WhiteTeam "Anglian Avengers 2"]
[BlackTeam "She Plays to Win Young Stars"]

1. c4 c5 2. Nc3 d6 3. e4 Nf6 4. f4 g6 5. Nf3 Bg4 6. Be2 Bxf3 7. Bxf3 Nc6 8. O-O Bg7 9. d3 O-O 10. Be3 Qb6 11. Rb1 Nd7 12. Nd5 Qd8 13. f5 Nce5 14. b3 Nxf3+ 15. Rxf3 e6 16. f6 exd5 17. fxg7 Kxg7 18. cxd5 Kg8 19. Qf1 Ne5 20. Rf6 Ng4 21. Rf3 Ne5 22. Rf6 Ng4 1/2-1/2

[Event "4NCL Division Four"]
[Site "Warwick, ENG"]
[Date "2023.05.01"]
[Round "11.93"]
[White "Wilson, Florence"]
[Black "Slonczuk, Pawel"]
[Result "1-0"]
[WhiteElo "1291"]
[BlackElo "1678"]
[PlyCount "42"]
[EventDate "2023.05.01"]
[WhiteTeam "She Plays to Win Young Stars"]
[BlackTeam "Anglian Avengers 2"]

1. e4 c5 2. Nf3 d6 3. Bb5+ Bd7 4. Bxd7+ Nxd7 5. O-O Ngf6 6. Qe2 e6 7. b3 Be7 8. Bb2 Rc8 9. c4 a6 10. d4 cxd4 11. Nxd4 Qa5 12. Nc3 b5 13. cxb5 Rxc3 14. Qe1 Nxe4 15. Ne2 Bf6 16. Nxc3 Nxc3 17. Rc1 axb5 18. Bxc3 Bxc3 19. Rxc3 O-O 20. Qa1 b4 21. Rg3 Nf6 1-0

[Event "4NCL Division Four"]
[Site "Warwick, ENG"]
[Date "2023.05.01"]
[Round "11.94"]
[White "Ferris, Oliver"]
[Black "Sengupta, Sohana"]
[Result "1-0"]
[WhiteElo "1550"]
[BlackElo "1242"]
[PlyCount "129"]
[EventDate "2023.05.01"]
[WhiteTeam "Anglian Avengers 2"]
[BlackTeam "She Plays to Win Young Stars"]

1. e4 c5 2. Nf3 Nc6 3. Bb5 g6 4. O-O Bg7 5. d3 e6 6. Nc3 Nge7 7. Be3 Qb6 8. Rb1 O-O 9. Bxc6 Qxc6 10. d4 cxd4 11. Bxd4 d5 12. Bxg7 Kxg7 13. Qd4+ Kg8 14. Ne5 Qd6 15. Ng4 e5 16. Qxe5 Qxe5 17. Nxe5 dxe4 18. Nxe4 Bf5 19. f3 Nd5 20. Rfe1 Be6 21. c3 Rac8 22. Rbd1 Nb6 23. a3 Na4 24. Re2 Bf5 25. Rdd2 Bxe4 26. Rxe4 Nc5 27. Rc4 b6 28. Ng4 Kg7 29. Nf2 Rcd8 30. Rxd8 Rxd8 31. Ne4 Ne6 32. g3 f5 33. Nf2 Rd7 34. Kf1 Rd2 35. Ra4 Rd7 36. Ke2 Ng5 37. Nd1 Re7+ 38. Kf2 Ne6 39. Ne3 Rd7 40. Ke2 Kg8 41. Rc4 Kf7 42. Nc2 Re7 43. Kf2 Nc5 44. Rd4 Nb3 45. Rd1 Nc5 46. Nb4 Rc7 47. Nd3 Na4 48. h3 g5 49. Rd2 Kf6 50. Nb4 Re7 51. Nd5+ Kf7 52. Nxe7 Kxe7 53. Ke3 Nc5 54. b4 Ne6 55. a4 f4+ 56. Kf2 fxg3+ 57. Kxg3 Nf4 58. h4 h6 59. hxg5 hxg5 60. Kg4 Ne6 61. Re2 Kf6 62. Rxe6+ Kxe6 63. Kxg5 Kf7 64. Kf5 a6 65. c4 1-0

[Event "4NCL Division Four"]
[Site "Warwick, ENG"]
[Date "2023.05.01"]
[Round "11.95"]
[White "Scott, Jane"]
[Black "Collins, Nigel"]
[Result "1-0"]
[WhiteElo "1132"]
[BlackElo "1454"]
[PlyCount "111"]
[EventDate "2023.05.01"]
[WhiteTeam "She Plays to Win Young Stars"]
[BlackTeam "Anglian Avengers 2"]

1. e4 c5 2. c3 Nf6 3. e5 Nd5 4. d4 cxd4 5. cxd4 d6 6. Nf3 Nc6 7. h3 e6 8. Bc4 Nb6 9. Bb3 dxe5 10. dxe5 Qxd1+ 11. Bxd1 Bb4+ 12. Bd2 Bxd2+ 13. Nbxd2 O-O 14. O-O Rd8 15. Re1 a6 16. Re2 Nd5 17. g3 b5 18. Ne4 Bb7 19. Nd6 Rab8 20. Nxb7 Rxb7 21. Rc1 Nde7 22. Nh2 Rbd7 23. Bc2 Nd4 24. Rd2 Nxc2 25. Rdxc2 g6 26. Ng4 Rd2 27. f4 Nf5 28. Rc8 Kf8 29. Rxd8+ Rxd8 30. Rc3 Ke7 31. Ne3 Nxe3 32. Rxe3 Rc8 33. Kf2 Rc2+ 34. Re2 Rxe2+ 35. Kxe2 Kd7 36. b4 Kc6 37. Ke3 Kd5 38. Kd3 g5 39. h4 gxf4 40. gxf4 h5 41. a3 Kc6 42. Ke4 Kd7 43. f5 exf5+ 44. Kxf5 Ke7 45. Kg5 Ke6 46. Kxh5 Kxe5 47. Kg5 f5 48. h5 f4 49. h6 Ke4 50. h7 f3 51. h8=Q Ke3 52. Qh3 Ke2 53. Kf4 f2 54. Qg2 Ke1 55. Ke3 f1=Q 56. Qd2# 1-0

[Event "4NCL Division Four"]
[Site "Warwick, ENG"]
[Date "2023.05.01"]
[Round "11.96"]
[White "Korchagina, Polina"]
[Black "Singh, Avyanna"]
[Result "1-0"]
[WhiteElo "1171"]
[BlackElo "1101"]
[PlyCount "67"]
[EventDate "2023.05.01"]
[WhiteTeam "Anglian Avengers 2"]
[BlackTeam "She Plays to Win Young Stars"]

1. e4 e5 2. Nf3 Nc6 3. Bb5 Nf6 4. d3 Bc5 5. h3 h6 6. Nc3 d6 7. Bd2 Be6 8. a3 O-O 9. Qc1 Nd4 10. Nxd4 Bxd4 11. Ne2 Bc5 12. Ng3 c6 13. Ba4 Qb6 14. O-O Rfe8 15. b4 Qa6 16. bxc5 Qxa4 17. Bxh6 g6 18. cxd6 c5 19. Qg5 Nh7 20. Qxe5 Qd4 21. Qxd4 cxd4 22. Rab1 b6 23. Rb4 Rac8 24. Rxd4 Rxc2 25. Rc1 Rxc1+ 26. Bxc1 Nf6 27. Bg5 Nd7 28. Ra4 a5 29. Ne2 Nc5 30. Rd4 Kg7 31. e5 Bf5 32. Bf6+ Kf8 33. Rh4 Bxd3 34. Rh8# 1-0

[Event "4NCL Division Four"]
[Site "Warwick, ENG"]
[Date "2023.05.01"]
[Round "11.101"]
[White "Robinson, James"]
[Black "Combie, Alex B"]
[Result "1/2-1/2"]
[WhiteElo "1900"]
[BlackElo "1852"]
[PlyCount "74"]
[EventDate "2023.05.01"]
[WhiteTeam "Barnet Knights C"]
[BlackTeam "Ashfield 3"]

1. d4 d5 2. Nf3 Nf6 3. h3 e6 4. Bg5 Be7 5. Nbd2 Nbd7 6. e3 O-O 7. Bd3 h6 8. Bh4 Re8 9. O-O Nh5 10. Bxe7 Qxe7 11. Ne5 Nhf6 12. f4 Nxe5 13. fxe5 Nd7 14. Nf3 f5 15. exf6 Nxf6 16. Bg6 Rf8 17. Qd3 Bd7 18. Ne5 Be8 19. Qb3 c6 20. Rae1 Qc7 21. Qd3 Qd6 22. Qe2 Bxg6 23. Nxg6 Rfe8 24. Qf3 Kh7 25. Ne5 Nd7 26. Nxd7 Qxd7 27. Qf4 Kg8 28. Qe5 Rf8 29. Rf4 Rf5 30. Rxf5 exf5 31. Rf1 Re8 32. Qxf5 Qxf5 33. Rxf5 Rxe3 34. Kf2 Re7 35. g4 Rf7 36. Rxf7 Kxf7 37. Kf3 g5 1/2-1/2

[Event "4NCL Division Four"]
[Site "Warwick, ENG"]
[Date "2023.05.01"]
[Round "11.102"]
[White "Taylor, Robert P"]
[Black "Bakacsi, Zsolt"]
[Result "1/2-1/2"]
[WhiteElo "1742"]
[BlackElo "1853"]
[PlyCount "44"]
[EventDate "2023.05.01"]
[WhiteTeam "Ashfield 3"]
[BlackTeam "Barnet Knights C"]

1. d4 Nf6 2. Bg5 c5 3. d5 e6 4. dxe6 fxe6 5. e4 Be7 6. Nc3 O-O 7. Nf3 Nc6 8. Bc4 a6 9. a4 b6 10. O-O Bb7 11. b3 Nb4 12. Re1 d5 13. exd5 exd5 14. Be2 d4 15. Na2 Nfd5 16. Bxe7 Qxe7 17. Nxb4 cxb4 18. Qxd4 Qf6 19. Rad1 Kh8 20. Bc4 Nc3 21. Rd3 Qg6 22. Nh4 Qf6 1/2-1/2

[Event "4NCL Division Four"]
[Site "Warwick, ENG"]
[Date "2023.05.01"]
[Round "11.103"]
[White "Page, Thomas"]
[Black "Pitts, Daniel"]
[Result "1/2-1/2"]
[WhiteElo "1830"]
[BlackElo "1717"]
[PlyCount "101"]
[EventDate "2023.05.01"]
[WhiteTeam "Barnet Knights C"]
[BlackTeam "Ashfield 3"]

1. d4 d5 2. c4 e6 3. Nc3 Nf6 4. Bg5 Be7 5. Nf3 c6 6. e3 h6 7. Bh4 O-O 8. Bd3 Nbd7 9. Qc2 Qc7 10. Bg3 Bd6 11. O-O-O b6 12. e4 Bxg3 13. hxg3 dxe4 14. Bxe4 Nxe4 15. Qxe4 Nf6 16. Qh4 Nh7 17. Kb1 Qd8 18. Qe4 Bb7 19. Rh2 Qf6 20. Qd3 Ng5 21. Ne5 Qf5 22. Qxf5 exf5 23. Rhh1 Rad8 24. Rhe1 Rfe8 25. f3 f6 26. Nd3 Kf7 27. Rxe8 Kxe8 28. Nf4 Kf7 29. d5 cxd5 30. cxd5 a6 31. a4 Nh7 32. Ne6 Rd7 33. Kc2 Nf8 34. Nxf8 Kxf8 35. Kb3 Ke7 36. Kc4 Rc7+ 37. Kd4 Kd7 38. Rd2 a5 39. b3 Ba6 40. Nd1 b5 41. axb5 Bxb5 42. Ne3 g6 43. Ra2 a4 44. bxa4 Ra7 45. a5 Rc7 46. Rb2 Rb7 47. Nc4 Ba6 48. Nb6+ Kd6 49. Nc4+ Kc7 50. Rc2 Rb4 51. Rc3 1/2-1/2

[Event "4NCL Division Four"]
[Site "Warwick, ENG"]
[Date "2023.05.01"]
[Round "11.104"]
[White "Willoughby, Robert H"]
[Black "Bloom, Paul"]
[Result "0-1"]
[WhiteElo "1625"]
[BlackElo "1744"]
[PlyCount "96"]
[EventDate "2023.05.01"]
[WhiteTeam "Ashfield 3"]
[BlackTeam "Barnet Knights C"]

1. d4 Nf6 2. c4 g6 3. Nc3 Bg7 4. e4 d6 5. Be2 O-O 6. Be3 Nbd7 7. g4 e5 8. d5 Nc5 9. Bf3 a5 10. g5 Ne8 11. h4 f5 12. gxf6 Bxf6 13. h5 g5 14. h6 Kh8 15. Bh5 Qe7 16. Nge2 Rg8 17. Qd2 g4 18. O-O-O Bg5 19. Kb1 Bxe3 20. Qxe3 Nf6 21. Ng3 Bd7 22. Rdg1 Raf8 23. Kc2 Nxh5 24. Rxh5 Rf3 25. Qd2 Qf7 26. Rh2 Nd3 27. Nd1 b6 28. Rgg2 Nf4 29. Rg1 Nh3 30. Re1 Rf8 31. Re2 Rf4 32. Qe3 Ng1 33. Nh5 Nxe2 34. Qxe2 Rf3 35. Qd2 Qg6 36. Ng3 R3f4 37. Kc1 Qf7 38. b3 Rf3 39. Kb2 Qf4 40. Qe2 a4 41. Qc2 axb3 42. axb3 Qf7 43. Qd2 b5 44. Qc2 bxc4 45. Qxc4 Rb8 46. Qxc7 Rfxb3+ 47. Ka2 R3b7 48. Qa5 Qe8 0-1

[Event "4NCL Division Four"]
[Site "Warwick, ENG"]
[Date "2023.05.01"]
[Round "11.105"]
[White "Michener, Max"]
[Black "Taylor, Marcel V"]
[Result "0-1"]
[WhiteElo "1540"]
[BlackElo "1696"]
[PlyCount "124"]
[EventDate "2023.05.01"]
[WhiteTeam "Barnet Knights C"]
[BlackTeam "Ashfield 3"]

1. e4 e6 2. d4 d5 3. e5 c5 4. c3 Nc6 5. Nf3 Qb6 6. Bd3 Bd7 7. O-O Nh6 8. Re1 cxd4 9. cxd4 Nf5 10. Bxf5 exf5 11. Nc3 Be6 12. Re2 h6 13. h3 g5 14. Nh2 O-O-O 15. Na4 Qxd4 16. Qc2 Kb8 17. Be3 Qc4 18. Qxc4 dxc4 19. Rc1 Be7 20. Nc5 Bd5 21. Na4 b6 22. Nc3 Be6 23. Nf3 f4 24. Bd2 Nd4 25. Nxd4 Rxd4 26. f3 Rhd8 27. Be1 Kb7 28. Ne4 Bf5 29. Bf2 Rd1+ 30. Rxd1 Rxd1+ 31. Kh2 Bxe4 32. Rxe4 Rd2 33. Bd4 b5 34. Bc3 Rd3 35. a3 Kc6 36. h4 Kd5 37. hxg5 hxg5 38. Kh3 Ke6 39. Rd4 Rxd4 40. Bxd4 a5 41. g3 fxg3 42. Kxg3 b4 43. axb4 axb4 44. Kf2 Kf5 45. Ke3 f6 46. exf6 Bxf6 47. Bxf6 Kxf6 48. Kd4 Kf5 49. Kxc4 Kf4 50. Kxb4 Kxf3 51. Ka5 g4 52. b4 g3 53. b5 g2 54. b6 g1=Q 55. Ka6 Qa1+ 56. Kb7 Ke4 57. Kc7 Qc3+ 58. Kb8 Kd5 59. b7 Qb4 60. Ka8 Qa5+ 61. Kb8 Kc6 62. Kc8 Qc7# 0-1

[Event "4NCL Division Four"]
[Site "Warwick, ENG"]
[Date "2023.05.01"]
[Round "11.106"]
[White "Fraser, Chris"]
[Black "Lee, Xander"]
[Result "0-1"]
[WhiteElo "1536"]
[BlackElo "1439"]
[PlyCount "94"]
[EventDate "2023.05.01"]
[WhiteTeam "Ashfield 3"]
[BlackTeam "Barnet Knights C"]

1. e4 d6 2. d4 Nf6 3. Nc3 g6 4. Be3 Bg7 5. Qd2 O-O 6. Bh6 b6 7. Bxg7 Kxg7 8. h4 e5 9. d5 c5 10. f3 h5 11. Be2 Na6 12. Nh3 Nc7 13. Nf2 Rh8 14. Qg5 Nd7 15. Qxd8 Rxd8 16. g4 Nf6 17. O-O-O a6 18. Rdg1 b5 19. Kb1 c4 20. Nh3 Bd7 21. Nd1 hxg4 22. fxg4 Nxe4 23. h5 Rh8 24. Ne3 Nf6 25. hxg6 fxg6 26. Nf5+ gxf5 27. gxf5+ Kf8 28. Rg6 Nfxd5 29. Rxd6 Bxf5 30. Rf1 Rxh3 31. Rxf5+ Ke7 32. Rg6 Rh1+ 33. Rf1 Rxf1+ 34. Bxf1 Rf8 35. Bg2 Nf4 36. Rg7+ Rf7 37. Rxf7+ Kxf7 38. Be4 Ncd5 39. Kc1 c3 40. b3 b4 41. a3 a5 42. a4 Ne3 43. Kb1 Ke7 44. Kc1 Kd6 45. Kb1 Kc5 46. Kc1 Kd4 47. Kb1 Kxe4 0-1

[Event "4NCL Division Four"]
[Site "Warwick, ENG"]
[Date "2023.05.01"]
[Round "11.111"]
[White "Hilton, Tim"]
[Black "Jayakumar, Bharath"]
[Result "1/2-1/2"]
[WhiteElo "2012"]
[BlackElo "1726"]
[PlyCount "122"]
[EventDate "2023.05.01"]
[WhiteTeam "Average Wood Pushers B"]
[BlackTeam "Cambridge University Y1"]

1. e4 c5 2. b4 Nf6 3. e5 Nd5 4. bxc5 d6 5. c4 Nf4 6. cxd6 exd6 7. g3 Ng6 8.
exd6 Bxd6 9. Bg2 Be5 10. Nc3 Qf6 11. Nge2 O-O 12. d4 Rd8 13. Nd5 Qa6 14. dxe5
Nc6 15. O-O Be6 16. Bg5 Rd7 17. Qc2 Ngxe5 18. Rac1 Bxd5 19. cxd5 Ne7 20. Bxe7
Rxe7 21. Rfd1 Ree8 22. d6 Rad8 23. Rd5 Nc6 24. Nf4 Nb4 25. Qb3 Nxd5 26. Bxd5
Rd7 27. Rd1 Qa5 28. Bxf7+ Rxf7 29. d7 Re1+ 30. Rxe1 Qxe1+ 31. Kg2 Qe7 32. Ne6
Qxd7 33. Ng5 Qc6+ 34. f3 Qd7 35. Nxf7 Qxf7 36. Qc2 Qd7 37. h4 Qc6 38. Qb3+ Kh8
39. Qf7 Qc2+ 40. Kh3 Qc8+ 41. g4 a6 42. h5 h6 43. Kg3 Qb8+ 44. Qf4 Qg8 45. a4
Qe8 46. Qb4 b5 47. axb5 Qxb5 48. Qf8+ Kh7 49. Qf7 Qe5+ 50. Kh3 Qf6 51. Qb3 a5
52. Qc2+ Kg8 53. Kg2 Qa6 54. f4 a4 55. g5 Qb7+ 56. Kg1 hxg5 57. fxg5 Qb6+ 58.
Kg2 Qe6 59. Qxa4 Qd5+ 60. Kf2 Qxg5 61. Qe8+ Kh7 1/2-1/2

[Event "4NCL Division Four"]
[Site "Warwick, ENG"]
[Date "2023.05.01"]
[Round "11.112"]
[White "Parikh, Naavya"]
[Black "Wilson, Andrew I"]
[Result "0-1"]
[WhiteElo "1715"]
[BlackElo "2043"]
[PlyCount "116"]
[EventDate "2023.05.01"]
[WhiteTeam "Cambridge University Y1"]
[BlackTeam "Average Wood Pushers B"]

1. e4 c5 2. Nc3 e6 3. f4 Nc6 4. Bb5 Nd4 5. Bc4 a6 6. Nf3 b5 7. Be2 Bb7 8. d3 g6
9. O-O Bg7 10. e5 f5 11. Nb1 Nxe2+ 12. Qxe2 Ne7 13. Bd2 Qb6 14. Kh1 Rc8 15. Na3
O-O 16. Rab1 Rfe8 17. b3 d6 18. Rfe1 dxe5 19. Nxe5 Qd6 20. Rbd1 Nc6 21. Nxc6
Qxc6 22. c4 b4 23. Nc2 e5 24. fxe5 Bxe5 25. Qf2 f4 26. Rf1 Rf8 27. Ne1 g5 28.
Qe2 Bf6 29. Qg4 Kh8 30. Nf3 Rcd8 31. Be1 Rde8 32. Nd2 Bc8 33. Qf3 Qc7 34. Bf2
g4 35. Qd5 Re5 36. Qa8 Kg7 37. Rde1 Bb7 38. Rxe5 Bxe5 39. Qxf8+ Kxf8 40. Rg1 g3
41. hxg3 Qf7 42. Re1 Qh5+ 43. Kg1 Bd6 44. Ne4 Bxe4 45. Rxe4 fxg3 46. Be1 Qh2+
47. Kf1 Qh1+ 48. Ke2 Qxg2+ 49. Kd1 Qf3+ 50. Kc2 g2 51. Bd2 g1=Q 52. Re1 Qxe1
53. Bxe1 Qe2+ 54. Bd2 Bf4 55. Kb1 Qxd2 56. a4 Be5 57. d4 Bxd4 58. a5 Qb2# 0-1

[Event "4NCL Division Four"]
[Site "Warwick, ENG"]
[Date "2023.05.01"]
[Round "11.113"]
[White "Wong, Chun Hei"]
[Black "Veeturi, Yashvardhan"]
[Result "1-0"]
[WhiteElo "1890"]
[BlackElo "1511"]
[PlyCount "35"]
[EventDate "2023.05.01"]
[WhiteTeam "Average Wood Pushers B"]
[BlackTeam "Cambridge University Y1"]

1. d4 d5 2. c4 c6 3. cxd5 cxd5 4. Nc3 Nf6 5. f3 Nc6 6. e4 e6 7. e5 Nd7 8. f4 f6
9. Nf3 fxe5 10. fxe5 Be7 11. Bd3 O-O 12. O-O Qb6 13. Kh1 Rf7 14. Bxh7+ Kxh7 15.
Ng5+ Bxg5 16. Qh5+ Bh6 17. Rxf7 Kg8 18. Bxh6 1-0

[Event "4NCL Division Four"]
[Site "Warwick, ENG"]
[Date "2023.05.01"]
[Round "11.114"]
[White "Horwood, Alexander"]
[Black "Chatterjee, Deepto"]
[Result "0-1"]
[WhiteElo "1359"]
[BlackElo "1673"]
[PlyCount "44"]
[EventDate "2023.05.01"]
[WhiteTeam "Cambridge University Y1"]
[BlackTeam "Average Wood Pushers B"]

1. e4 c5 2. c3 Nf6 3. e5 Nd5 4. d4 cxd4 5. cxd4 e6 6. Nc3 d6 7. Nxd5 exd5 8.
Bb5+ Nc6 9. Nf3 Qa5+ 10. Bd2 Qxb5 11. exd6 Bxd6 12. Qc2 Bg4 13. O-O-O Rc8 14.
Rhe1+ Ne7 15. Qxc8+ Bxc8 16. Kb1 Bf5+ 17. Ka1 O-O 18. Bc3 Bb4 19. Bxb4 Qxb4 20.
Ne5 Rc8 21. Rc1 Rxc1+ 22. Rxc1 Qd2 0-1

[Event "4NCL Division Four"]
[Site "Warwick, ENG"]
[Date "2023.05.01"]
[Round "11.115"]
[White "Burgess, Dan"]
[Black "Cann, Arthur"]
[Result "0-1"]
[WhiteElo "1516"]
[BlackElo "1317"]
[PlyCount "112"]
[EventDate "2023.05.01"]
[WhiteTeam "Average Wood Pushers B"]
[BlackTeam "Cambridge University Y1"]

1. d4 d5 2. Bf4 c5 3. e3 Nf6 4. Nf3 Bg4 5. Nbd2 Nc6 6. c3 e6 7. Bd3 Bd6 8. Bg3
e5 9. dxe5 Nxe5 10. Bxe5 Bxe5 11. h3 Bxf3 12. Nxf3 Bc7 13. Bb5+ Ke7 14. Bd3 Re8
15. Qc2 Kf8 16. O-O-O Ne4 17. Bxe4 Rxe4 18. Qxe4 dxe4 19. Rxd8+ Rxd8 20. Ng5
Re8 21. Nxh7+ Kg8 22. Ng5 f6 23. Nxe4 Rxe4 24. Rd1 Re7 25. c4 Kf8 26. Rd3 Ke8
27. f3 Rd7 28. Rxd7 Kxd7 29. Kd2 g5 30. Kd3 Ke6 31. b3 Bg3 32. Ke4 f5+ 33. Kd3
Ke5 34. a3 Be1 35. g4 f4 36. e4 Kd6 37. Kc2 a6 38. Kd1 Ba5 39. Kc2 Kc6 40. e5
Bc7 41. Kd3 Bxe5 42. Ke4 Bf6 43. Kf5 Bd8 44. h4 gxh4 45. Kxf4 Ba5 46. g5 Bd2+
47. Kg4 Bxg5 48. Kh3 b5 49. f4 Bxf4 50. Kxh4 bxc4 51. bxc4 Kd6 52. Kg4 Ke5 53.
Kf3 Kd4 54. Ke2 Kxc4 55. Kd1 Kb3 56. a4 c4 0-1

[Event "4NCL Division Four"]
[Site "Warwick, ENG"]
[Date "2023.05.01"]
[Round "11.116"]
[White "Laza, Andrei"]
[Black "Altoft, Harry"]
[Result "1-0"]
[WhiteElo "1235"]
[BlackElo "1461"]
[PlyCount "103"]
[EventDate "2023.05.01"]
[WhiteTeam "Cambridge University Y1"]
[BlackTeam "Average Wood Pushers B"]

1. b3 d5 2. Bb2 Nf6 3. e3 e6 4. Nf3 c5 5. d4 Nc6 6. Bb5 a6 7. Bxc6+ bxc6 8. Ne5
Qb6 9. Nd2 c4 10. Rb1 c3 11. Bxc3 Ba3 12. Bb2 Bxb2 13. Rxb2 O-O 14. c4 c5 15.
dxc5 Qxc5 16. Qc2 Qd6 17. Ndf3 Ne4 18. O-O Bb7 19. b4 Rfc8 20. c5 Qe7 21. c6
Qd8 22. cxb7 Rxc2 23. bxa8=Q Qxa8 24. Rxc2 f6 25. Rfc1 Nd6 26. Nc6 Nc4 27. Na5
Kf7 28. Nxc4 dxc4 29. Rxc4 Qd5 30. Rc7+ Kf8 31. Kf1 Qd3+ 32. Ke1 Qa3 33. Rd1
Qxb4+ 34. Kf1 Qb5+ 35. Kg1 Qb8 36. Rdc1 Qb6 37. h4 h5 38. Nd4 Kg8 39. R7c6 Qb2
40. Nxe6 Qxa2 41. Rd1 Qa4 42. Rcd6 a5 43. Rd7 Kh7 44. Rxg7+ Kh6 45. Rd8 Qa1+
46. Kh2 Qe5+ 47. Rg3 f5 48. f4 Qf6 49. Rf8 Qa1 50. Nd4 Kh7 51. Nxf5 Qa2 52.
Rg7# 1-0

[Event "4NCL Division Four"]
[Site "Warwick, ENG"]
[Date "2023.05.01"]
[Round "11.121"]
[White "Lim, Mark"]
[Black "Leszczynski, Taynara"]
[Result "1/2-1/2"]
[WhiteElo "1768"]
[BlackElo "1630"]
[PlyCount "88"]
[EventDate "2023.05.01"]
[WhiteTeam "Cambridge University 3"]
[BlackTeam "She Plays To Win Uni"]

1. d4 c5 2. d5 d6 3. e4 Nf6 4. Nc3 g6 5. Nf3 Bg4 6. Be2 Bxf3 7. Bxf3 Bg7 8. O-O
O-O 9. Bf4 Nbd7 10. Qd2 a6 11. a4 Ne8 12. Bh6 Ne5 13. Be2 Qb6 14. Bxg7 Kxg7 15.
Kh1 f6 16. f4 Nf7 17. a5 Qd8 18. Rfb1 h5 19. b4 cxb4 20. Rxb4 Rb8 21. Rb6 Qc7
22. Bd3 Nd8 23. Rab1 Rc8 24. R1b3 Qd7 25. Ne2 Nc7 26. Nd4 Na8 27. Ne6+ Nxe6 28.
dxe6 Qxe6 29. Rxb7 Nc7 30. Qe2 f5 31. exf5 Qxe2 32. Bxe2 Rxf5 33. g4 Rxa5 34.
gxh5 gxh5 35. Rc3 Rc5 36. Rxc5 dxc5 37. Bxh5 Nd5 38. Bg4 Rc7 39. Rxc7 Nxc7 40.
Kg2 a5 41. Bd7 Nd5 42. Kf3 Nb6 43. Be6 c4 44. Ke2 Kf6 1/2-1/2